000 00211 a2200097 4500
001 35930
100 _aSchildt Herbert
245 _aDos Made Easy
260 _aBerkeloy
_bMcGraw Hill
_c
090 _c23480
_d23480
942 _aNUST-CAE
_cM
_c14981
999 _c271003
_d271003